Doctor Who Christmas Episodes Quiz Stats

 Plays Quiz not verified by Sporcle

Challenge
Share
Tweet
Embed
Score 0/9 Timer 05:00
0 Plays Today
Year Episode title % Correct
2005The Christmas Invasion
84%
2010A Christmas Carol
76%
2012The Snowmen
74%
2006The Runaway Bride
72%
2009The End of Time 1
72%
2013The Time of the Doctor
72%
2007Voyage of the Damned
70%
2008The Next Doctor
70%
2011The Doctor, the Widow, and the Wardrobe
70%

You're not logged in!

Compare scores with friends on all Sporcle quizzes.
Join for Free
OR
Log In

You Might Also Like...

Show Comments

Extras

Top Quizzes Today


Score Distribution

Your Account Isn't Verified!

In order to create a playlist on Sporcle, you need to verify the email address you used during registration. Go to your Sporcle Settings to finish the process.

Report this User

Report this user for behavior that violates our Community Guidelines.

Details: